[Event "Lippe Cup-B 07th"]
[Site "Lieme"]
[Date "2010.10.17"]
[Round "5"]
[White "Mueller, Natalja"]
[Black "Schloesser, Simon"]
[Result "1-0"]
[WhiteElo "1360"]
[BlackElo "1584"]
[PlyCount "43"]
[EventDate "2010.10.15"]
[EventType "swiss"]
[EventRounds "5"]
[EventCountry "GER"]
[SourceTitle "EXT 2012"]
[Source "ChessBase"]
[SourceDate "2011.11.24"]
[SourceVersion "1"]
[SourceVersionDate "2011.11.24"]
[SourceQuality "1"]

1. b4 e6 2. Bb2 Nf6 3. b5 d5 4. e3 Bd7 5. c4 dxc4 6. Bxc4 c6 7. a4 a6 8. Nc3 Bd6 9. Qb3 Qc7 10. Ba3 0-0 11. b6 Qd8 12. Bxd6 Re8 13. a5 Bc8 14. Qa3 Nfd7 15. Nf3 Qf6 16. 0-0 Qg6 17. e4 e5 18. Nh4 Qh5 19. Nf5 Kh8 20. Ne2 c5 21. Neg3 Qg4 22. Bxf7 1-0

[Event "Lippe Cup-B 07th"]
[Site "Lieme"]
[Date "2010.10.16"]
[Round "2"]
[White "Emmrich, Tarek"]
[Black "Mueller, Natalja"]
[Result "0-1"]
[WhiteElo "1040"]
[BlackElo "1360"]
[PlyCount "67"]
[EventDate "2010.10.15"]
[EventType "swiss"]
[EventRounds "5"]
[EventCountry "GER"]
[SourceTitle "EXT 2012"]
[Source "ChessBase"]
[SourceDate "2011.11.24"]
[SourceVersion "1"]
[SourceVersionDate "2011.11.24"]
[SourceQuality "1"]

1. d4 d6 2. Nf3 h6 3. c4 Nf6 4. Nc3 a6 5. e4 Bg4 6. g3 Nbd7 7. Bg2 Nb6 8. b3 e6 9. h3 Bh5 10. Be3 Qe7 11. c5 Nbd7 12. b4 0-0-0 13. Qa4 dxc5 14. bxc5 Bxf3 15. Bxf3 Nb8 16. Qb4 Nc6 17. Qc4 Na7 18. Rb1 c6 19. Na4 Nd7 20. Qb4 Nb5 21. Qa5 g5 22. h4 Bg7 23. Qb4 Rhf8 24. Nc3 Nb8 25. hxg5 hxg5 26. Nxb5 axb5 27. a4 Na6 28. Qb2 bxa4 29. e5 f6 30. Rh7 Rf7 31. Bh5 a3 32. exf6 Qxf6 33. Qxa3 Rdd7 34. Qb2 0-1

[Event "Lippe Cup 02nd"]
[Site "Lieme"]
[Date "2005.10.09"]
[Round "5"]
[White "Mueller, Natalja"]
[Black "Karsunke, Marvin"]
[Result "1-0"]
[WhiteElo "1515"]
[BlackElo "1449"]
[PlyCount "145"]
[EventDate "2005.10.07"]
[EventType "swiss"]
[EventRounds "5"]
[EventCountry "GER"]
[SourceTitle "EXT 2012"]
[Source "ChessBase"]
[SourceDate "2011.11.24"]
[SourceVersion "1"]
[SourceVersionDate "2011.11.24"]
[SourceQuality "1"]

1. e4 e5 2. Nc3 Bc5 3. Nf3 d6 4. h3 Nc6 5. Bb5 a6 6. Bxc6+ bxc6 7. d4 exd4 8. Nxd4 Bd7 9. Be3 Nf6 10. e5 Nd5 11. Nxd5 cxd5 12. exd6 Bxd6 13. Qf3 c6 14. 0-0-0 0-0 15. Nf5 Be5 16. c3 Qf6 17. Nh6+ gxh6 18. Qxf6 Bxf6 19. Bxh6 Bg7 20. Bf4 Rfe8 21. g4 Be5 22. Be3 Rab8 23. f4 Bxc3 24. bxc3 Rxe3 25. Kd2 Re7 26. Rb1 Ree8 27. f5 Kg7 28. Rxb8 Rxb8 29. Kd3 c5 30. Rh2 Kf6 31. h4 h5 32. gxh5 Bxf5+ 33. Ke3 Be4 34. Kf4 Rb1 35. Rd2 c4 36. Rf2 Ke6 37. h6 f6 38. Re2 Kf7 39. h5 Rf1+ 40. Ke3 Rf3+ 41. Kd4 Rd3+ 42. Kc5 Rxc3 43. Rb2 Rh3 44. Rb7+ Kg8 45. Rb6 c3 46. Rxf6 c2 47. Rf1 Rb3 48. axb3 Kh7 49. Kd4 Kxh6 50. Kc3 Kxh5 51. Kd2 Kg6 52. Ra1 Kf5 53. Rxa6 d4 54. b4 Ke5 55. b5 Kd5 56. Rc6 Bf5 57. Rc7 Kd6 58. b6 Be4 59. Rc4 Bc6 60. Kxc2 d3+ 61. Kc3 Kd7 62. Rd4+ Kc8 63. Kb4 Kb7 64. Kc5 Be8 65. Rxd3 Bc6 66. Re3 Bg2 67. Re7+ Kb8 68. Kd6 Bf3 69. Re8+ Kb7 70. Kc5 Bg2 71. Re7+ Kb8 72. Kb5 Bb7 73. Re8+ 1-0

[Event "Lippe Cup 02nd"]
[Site "Lieme"]
[Date "2005.10.07"]
[Round "1"]
[White "Langhanke, Gerald"]
[Black "Mueller, Natalja"]
[Result "0-1"]
[WhiteElo "1474"]
[BlackElo "1515"]
[PlyCount "92"]
[EventDate "2005.10.07"]
[EventType "swiss"]
[EventRounds "5"]
[EventCountry "GER"]
[SourceTitle "EXT 2012"]
[Source "ChessBase"]
[SourceDate "2011.11.24"]
[SourceVersion "1"]
[SourceVersionDate "2011.11.24"]
[SourceQuality "1"]

1. e4 e5 2. Nf3 Nc6 3. Bb5 Nge7 4. Nc3 a6 5. Ba4 b5 6. Bb3 f6 7. d4 Bb7 8. dxe5 Nxe5 9. Nxe5 fxe5 10. Qf3 Qb8 11. Qf7+ Kd8 12. Bg5 Qa7 13. 0-0-0 Qc5 14. Be3 Qc6 15. Bd5 Nxd5 16. Rxd5 d6 17. Bg5+ Kc8 18. Rhd1 b4 19. Rc5 Qd7 20. Qxd7+ Kxd7 21. Na4 Bxe4 22. Rxe5 Bxg2 23. Rf5 Ke6 24. Rf4 h6 25. Re1+ Kd7 26. Rf7+ Kc6 27. Bd2 a5 28. f3 g5 29. c3 d5 30. Re6+ Bd6 31. f4 bxc3 32. Nxc3 Rhf8 33. Rff6 Rxf6 34. Rxf6 d4 35. Ne2 d3 36. Nd4+ Kd5 37. Nf5 gxf4 38. Nxd6 cxd6 39. Bxf4 Ke4 40. Bxh6 Rc8+ 41. Kb1 d5 42. Rf2 Bf3 43. a3 a4 44. h4 Bd1 45. Rf4+ Ke5 46. Rxa4 Bxa4 0-1